000 00221nam a22000857a 4500
008 161217b xxu||||| |||| 00| 0 eng d
100 _92098
_aGoel D.K Etal
245 _aFinancialStatement -XII
260 _aNew Delhi
_bA.P.C
_c2011
999 _c4980
_d4980